Tapas : sabores del mundo /

Збережено в:
Бібліографічні деталі
Автор: Tee, Susanna (autor)
Інші автори: Evans, Laurie (fotógrafo) (fotógrafo)
Формат: Книга
Мова:Іспанська
Опубліковано: Londres, Inglaterra : Love Food, 2008, c2008
Предмети:
Теги: Додати тег
Немає тегів, Будьте першим, хто поставить тег для цього запису!

MARC

LEADER 00000nam^a2200000^a^4500
001 000623826
005 20251104000000.0
009 20260310133945.897
020 |a 978-1-4075-3542-5 
025 |a Donación sin dato, 1 ejemplar 
037 |a Acervo ITESO - Biblioteca 
041 |a ESP 
082 |a 641. 812  |b TEE 
100 |a Tee, Susanna  |e (autor) 
245 1 0 |a Tapas :  |b sabores del mundo /  |c S. Tee ; fotógrafo L. Evans ; tr. por Nàtalia Solé. 
264 4 |a Londres, Inglaterra :  |b Love Food,  |c 2008, c2008 
300 |a 96 p. 
336 |a texto  |b txt  |2 rdacontenido 
337 |a sin mediación  |b n  |2 rdamedio 
338 |a volumen  |b nc  |2 rdasoporte 
500 |a Traducción de: A Culinary Journey of Discovery 
649 |a XX 
650 |a Entradas (Menú) -  |x Recetarios -  |x Tema Principal 
650 |a Recetarios -  |x Tema Principal 
650 |a Cocina -  |x Recetarios -  |x Tema Principal 
650 |a Cocina -  |x Materiales y Equipo 
650 |a Alimentos y Bebidas 
650 |a Gastronomía 
700 |a Evans, Laurie  |e (fotógrafo) 
910 |a Fondo General 
920 |a Impresos - Libros 
930 |a Colección General 
905 |a 101 
901 |a 624222-10  |b IT1  |c ACC  |i D  |u 20251104 
902 |a https://opac.biblio.iteso.mx/vufind/Record/000623826